00437 a2200133 4500008004100000020001800041082001900059100002400078245008500102260004900187300001700236650002500253700002500278221025b ||||| |||| 00| 0 eng d a978075066944300a623.862bM7263 aMolland, Anthony F. aMarine rudders and control surfaces: principles, design, data and applications / aBurlington: bButterworth-Heinemann, c2011. axvii, 420 p. 0aShipsxHydrodynamics aTurnock, Stephen R.